000
00334nam a2200157Ia 4500
003
OSt
005
20260520154447.0
008
241002s9999 xx 000 0 und d
040
_c
AACR2
082
_a
808.3 HAM
100
_a
Hamsun, Knut
245
0
_a
Hunger
260
_a
London:
_c
1949
600
_a
Literature
942
_c
UC
_2
ddc
999
_c
18886
_d
18886